01: Addition bis 10 - Statistiken

Allgemein
  • Dieses Quiz wurde 5.773 mal gespielt
  • Das Durchschnittsergebnis liegt bei 20 aus 20
Antwortstatistiken
Problem Solution % Korrekt
0+1 1
100%
1+0 1
100%
1+9 10
100%
2+8 10
100%
3+7 10
100%
8+2 10
100%
10+0 10
100%
0+2 2
100%
2+0 2
100%
3+0 3
100%
0+4 4
100%
2+4 6
100%
4+3 7
100%
6+1 7
100%
7+0 7
100%
3+5 8
100%
5+3 8
100%
6+2 8
100%
7+1 8
100%
0+0 0
99%
0+10 10
99%
4+6 10
99%
5+5 10
99%
6+4 10
99%
7+3 10
99%
9+1 10
99%
1+1 2
99%
0+3 3
99%
1+2 3
99%
2+1 3
99%
1+3 4
99%
2+2 4
99%
3+1 4
99%
4+0 4
99%
0+5 5
99%
1+4 5
99%
2+3 5
99%
3+2 5
99%
4+1 5
99%
5+0 5
99%
1+5 6
99%
3+3 6
99%
4+2 6
99%
5+1 6
99%
6+0 6
99%
0+7 7
99%
2+5 7
99%
3+4 7
99%
5+2 7
99%
0+8 8
99%
1+7 8
99%
2+6 8
99%
4+4 8
99%
8+0 8
99%
0+9 9
99%
1+8 9
99%
2+7 9
99%
3+6 9
99%
4+5 9
99%
5+4 9
99%
6+3 9
99%
7+2 9
99%
8+1 9
99%
9+0 9
99%
0+6 6
98%
1+6 7
98%
Keine übereinstimmenden Quizze gefunden
Verteilung der Resultate
Anzahl Personen mit jedem Resultat
Perzentil nach korrekt beantworteten Fragen
Ihre Resultats-Entwicklung
Sie haben dieses Quiz noch nicht gespielt